[Event "Dulles Cherry Blossom op 10th"]
[Site "Dulles"]
[Date "2023.05.26"]
[Round "3"]
[White "Slate, Kent"]
[Black "Aripov, Iskandar"]
[Result "1-0"]
[WhiteElo "1989"]
[BlackElo "2211"]
[PlyCount "179"]
[EventDate "2023.05.24"]
[EventType "swiss"]
[EventRounds "9"]
[EventCountry "USA"]
[SourceTitle "CBM 214 Extra"]
[Source "ChessBase"]
[SourceDate "2023.07.31"]
[SourceVersion "1"]
[SourceVersionDate "2023.07.31"]
[SourceQuality "1"]

1. e4 c5 2. c3 g6 3. d4 cxd4 4. cxd4 d5 5. e5 Nc6 6. Bb5 Bg7 7. Nf3 Bg4 8. Bxc6+ bxc6 9. Nbd2 Nh6 10. 0-0 0-0 11. h3 Bxf3 12. Nxf3 Nf5 13. Re1 Rc8 14. g4 Nh6 15. Bf4 Kh8 16. Qd2 Ng8 17. e6 fxe6 18. Ng5 Qd7 19. Nxe6 Rf7 20. Nc5 Qd8 21. Re6 Qf8 22. Bg3 Qd8 23. Rae1 Qb6 24. R1e3 Bh6 25. Be5+ Bg7 26. Rb3 Qd8 27. Rb7 Bxe5 28. Rxe5 Rb8 29. Ne6 Qd6 30. Rxa7 Qb4 31. Qxb4 Rxb4 32. b3 Rf3 33. Kg2 Rc3 34. g5 Rb8 35. Re3 Rc2 36. Rf3 Re2 37. Nc5 Kg7 38. Kf1 Rd2 39. Ne6+ Kh8 40. Rf7 Rd1+ 41. Kg2 c5 42. Nf8 Rxf8 43. Rxf8 Kg7 44. Raa8 cxd4 45. Rxg8+ Kf7 46. Rgf8+ Ke6 47. Ra6+ Ke5 48. Rf3 d3 49. Ra4 d4 50. Rf7 d2 51. Rxe7+ Kd6 52. Rxd4+ Kxe7 53. Kf3 Ke6 54. Ke3 Rh1 55. Rxd2 Rxh3+ 56. Ke4 Rh4+ 57. f4 Rh1 58. Re2 Rb1 59. Re3 Kd6 60. Rh3 Re1+ 61. Kd4 Rf1 62. Ke4 Re1+ 63. Re3 Rf1 64. a4 Kc5 65. Ke5 Rh1 66. Re4 Rf1 67. b4+ Kc6 68. Rc4+ Kb6 69. Kf6 Rd1 70. Re4 Kc6 71. b5+ Kc5 72. Re5+ Kd6 73. Re8 Rf1 74. Kg7 Rxf4 75. Kxh7 Rxa4 76. Kxg6 Rb4 77. Kg7 Rxb5 78. g6 Kd7 79. Re1 Rb2 80. Kg8 Ra2 81. g7 Rh2 82. Re3 Rh1 83. Re4 Kd6 84. Kf7 Rf1+ 85. Kg6 Rg1+ 86. Kf6 Kd7 87. Rh4 Rg2 88. Rh8 Rf2+ 89. Ke5 Re2+ 90. Kd4 1-0

[Event "Titled Tuesday intern op 14th July"]
[Site "Chess.com INT"]
[Date "2020.07.14"]
[Round "6"]
[White "Aripov, Iskandar"]
[Black "Ikejiri, Daniel Yoshito"]
[Result "1-0"]
[WhiteElo "2225"]
[BlackElo "1961"]
[PlyCount "79"]
[EventDate "2020.07.14"]
[EventType "swiss (blitz)"]
[EventRounds "10"]
[EventCountry "USA"]
[SourceTitle "CBM 197 Extra"]
[Source "ChessBase"]
[SourceDate "2020.09.30"]
[SourceVersion "1"]
[SourceVersionDate "2020.09.30"]
[SourceQuality "1"]

1. e4 c5 2. Nf3 d6 3. Nc3 Nf6 4. Bb5+ Bd7 5. Bxd7+ Qxd7 6. 0-0 Nc6 7. b3 e5 8. Bb2 Be7 9. Re1 0-0 10. Nd5 Nd4 11. Nxe7+ Qxe7 12. Nxd4 cxd4 13. c3 dxc3 14. dxc3 Rac8 15. c4 Rfd8 16. Ba3 Qe6 17. Qd3 Nd7 18. Qxd6 Qxd6 19. Bxd6 f6 20. Rad1 Nf8 21. Bxf8 Kxf8 22. Kf1 Ke7 23. Ke2 a6 24. Rxd8 Rxd8 25. Rd1 Rc8 26. Rd5 Rc7 27. Kd3 Ke6 28. c5 f5 29. b4 g6 30. Rd6+ Ke7 31. Kc4 fxe4 32. Kd5 Kf7 33. Kxe4 Re7 34. a4 Kg7 35. b5 axb5 36. axb5 Kf7 37. Kd5 e4 38. c6 bxc6+ 39. bxc6 Ke8 40. Re6 1-0

[Event "Titled Tuesday intern op 14th July"]
[Site "Chess.com INT"]
[Date "2020.07.14"]
[Round "8"]
[White "Salazar Olchowski, Gabriel Anton"]
[Black "Aripov, Iskandar"]
[Result "0-1"]
[WhiteElo "2159"]
[BlackElo "2225"]
[PlyCount "74"]
[EventDate "2020.07.14"]
[EventType "swiss (blitz)"]
[EventRounds "10"]
[EventCountry "USA"]
[SourceTitle "CBM 197 Extra"]
[Source "ChessBase"]
[SourceDate "2020.09.30"]
[SourceVersion "1"]
[SourceVersionDate "2020.09.30"]
[SourceQuality "1"]

1. e4 c5 2. Nf3 Nc6 3. d4 cxd4 4. Nxd4 g6 5. c4 Nf6 6. Be3 Nxe4 7. Bd3 Qa5+ 8. Nd2 Nxd2 9. Bxd2 Qb6 10. Nb3 Bg7 11. 0-0 0-0 12. c5 Qd8 13. Qc2 a5 14. a4 d6 15. Rad1 Be6 16. Be3 Nb4 17. Qe2 Bxb3 18. Rc1 Nxd3 19. Qxd3 Bxa4 20. b3 Bc6 21. Rfd1 dxc5 22. Qc4 Qc8 23. Qxc5 Qg4 24. g3 Qf3 25. Kf1 Qg2+ 26. Ke2 Bf3+ 27. Ke1 Bxd1 28. Rxd1 Rac8 29. Qxe7 Rc2 30. Bd2 Qf3 31. Qe3 Qxe3+ 32. Bxe3 Bc3+ 33. Kf1 Rb2 34. Bc5 Rxb3 35. Rd3 Rc8 36. Bb6 a4 37. Kg2 Rxb6 0-1

[Event "Titled Tuesday intern op 7th July"]
[Site "Chess.com INT"]
[Date "2020.07.07"]
[Round "10"]
[White "Steenbekkers, Franck"]
[Black "Aripov, Iskandar"]
[Result "0-1"]
[WhiteElo "2164"]
[BlackElo "2225"]
[PlyCount "50"]
[EventDate "2020.07.07"]
[EventType "swiss (blitz)"]
[EventRounds "10"]
[EventCountry "USA"]
[SourceTitle "CBM 197 Extra"]
[Source "ChessBase"]
[SourceDate "2020.09.30"]
[SourceVersion "1"]
[SourceVersionDate "2020.09.30"]
[SourceQuality "1"]

1. e4 c5 2. Nc3 Nc6 3. Bb5 g6 4. f4 Bg7 5. Nf3 d6 6. 0-0 Nf6 7. d3 Bd7 8. Bc4 0-0 9. Qe1 Nd4 10. Nxd4 cxd4 11. Ne2 Rc8 12. Bb3 Qb6 13. f5 a5 14. a4 e6 15. Qh4 exf5 16. Bg5 Ng4 17. exf5 Ne3 18. f6 Bh8 19. Rf3 Nxc2 20. Bxc2 Qxb2 21. Raf1 Rxc2 22. Nf4 Bc6 23. Rg3 Rd2 24. Bh6 Re8 25. Nxg6 Rxg2+ 0-1

[Event "Saint Louis CCSCSL IM"]
[Site "Saint Louis"]
[Date "2014.11.25"]
[Round "9"]
[White "Aripov, Iskandar"]
[Black "Young, Angelo"]
[Result "1/2-1/2"]
[WhiteElo "2225"]
[BlackElo "2300"]
[PlyCount "23"]
[EventDate "2014.11.21"]
[EventType "tourn"]
[EventRounds "9"]
[EventCountry "USA"]
[EventCategory "2"]
[SourceTitle "CBM 163 Extra"]
[Source "ChessBase"]
[SourceDate "2014.12.23"]
[SourceVersion "1"]
[SourceVersionDate "2014.12.23"]
[SourceQuality "1"]

1. d4 d5 2. c4 c6 3. Nc3 g6 4. Nf3 Bg7 5. e3 Nf6 6. Be2 0-0 7. 0-0 a6 8. Ne5 Be6 9. cxd5 Nxd5 10. f4 Nd7 11. Ne4 Nxe5 12. fxe5 1/2-1/2

[Event "Saint Louis CCSCSL IM"]
[Site "Saint Louis"]
[Date "2014.11.22"]
[Round "4"]
[White "Kavutskiy, Konstantin"]
[Black "Aripov, Iskandar"]
[Result "1/2-1/2"]
[WhiteElo "2332"]
[BlackElo "2225"]
[PlyCount "48"]
[EventDate "2014.11.21"]
[EventType "tourn"]
[EventRounds "9"]
[EventCountry "USA"]
[EventCategory "2"]
[SourceTitle "CBM 163 Extra"]
[Source "ChessBase"]
[SourceDate "2014.12.23"]
[SourceVersion "1"]
[SourceVersionDate "2014.12.23"]
[SourceQuality "1"]

1. Nf3 d5 2. d4 Nf6 3. c4 e6 4. e3 Nbd7 5. Bd3 b6 6. Nc3 Bb7 7. 0-0 Be7 8. cxd5 exd5 9. b3 0-0 10. Bb2 Ne4 11. Ne2 Bd6 12. Ne5 f6 13. Nxd7 Qxd7 14. f3 Ng5 15. h4 Ne6 16. Qc2 g6 17. e4 Nf4 18. e5 fxe5 19. dxe5 Bc5+ 20. Kh2 Bc8 21. g4 Be3 22. Nxf4 Bxf4+ 23. Kg2 Qe7 24. Rh1 Be6 1/2-1/2

[Event "Saint Louis CCSCSL IM"]
[Site "Saint Louis"]
[Date "2014.11.21"]
[Round "2"]
[White "De Rosa, Mariagrazia"]
[Black "Aripov, Iskandar"]
[Result "0-1"]
[WhiteElo "2126"]
[BlackElo "2225"]
[PlyCount "88"]
[EventDate "2014.11.21"]
[EventType "tourn"]
[EventRounds "9"]
[EventCountry "USA"]
[EventCategory "2"]
[SourceTitle "CBM 163 Extra"]
[Source "ChessBase"]
[SourceDate "2014.12.23"]
[SourceVersion "1"]
[SourceVersionDate "2014.12.23"]
[SourceQuality "1"]

1. d4 d5 2. c4 c6 3. Nf3 Nf6 4. e3 e6 5. Nbd2 Nbd7 6. Bd3 g6 7. 0-0 Bg7 8. e4 dxe4 9. Nxe4 Nxe4 10. Bxe4 0-0 11. Bf4 Qb6 12. Bd6 Re8 13. c5 Qd8 14. Ne5 f6 15. Nc4 Nf8 16. f4 Bd7 17. Qd2 Bc8 18. Rfd1 Kh8 19. Na5 e5 20. dxe5 Bg4 21. Nxb7 Qc8 22. Bxf8 Rxf8 23. Nd6 Qc7 24. exf6 Bxf6 25. Rf1 Rab8 26. Rab1 Qg7 27. Kh1 Bd7 28. Rf2 Bd4 29. Re2 Bxc5 30. b4 Bg4 31. bxc5 Rxb1+ 32. Bxb1 Bxe2 33. Qxe2 Qa1 34. Qe4 Rb8 35. h3 Qxb1+ 36. Kh2 Qxe4 37. Nxe4 Rb4 38. Nd6 Rxf4 39. Kg3 Ra4 40. Nf7+ Kg7 41. Nd8 Ra6 42. Kf4 Kf6 43. g4 Ke7 44. Nb7 Rxa2 0-1

[Event "Saint Louis IM"]
[Site "Saint Louis"]
[Date "2014.05.31"]
[Round "8"]
[White "Eckert, Doug D"]
[Black "Aripov, Iskandar"]
[Result "0-1"]
[WhiteElo "2255"]
[BlackElo "2231"]
[PlyCount "62"]
[EventDate "2014.05.28"]
[EventType "tourn"]
[EventRounds "9"]
[EventCountry "USA"]
[EventCategory "3"]
[SourceTitle "CBM 160 Extra"]
[Source "ChessBase"]
[SourceDate "2014.07.01"]
[SourceVersion "1"]
[SourceVersionDate "2014.07.01"]
[SourceQuality "1"]

1. Nf3 c5 2. c4 Nc6 3. g3 g6 4. Bg2 Bg7 5. Nc3 d6 6. 0-0 Qd7 7. a3 e6 8. Qc2 Nge7 9. Rb1 b6 10. b4 Bb7 11. b5 Nd8 12. Bb2 0-0 13. a4 e5 14. a5 bxa5 15. Ra1 a6 16. Rxa5 axb5 17. Rxa8 Bxa8 18. Nxb5 Bc6 19. Nc3 Ne6 20. Ra1 e4 21. Ne1 Nd4 22. Qd1 Rb8 23. Bc1 Qe6 24. Ra7 Bf6 25. d3 exd3 26. Qxd3 Rb3 27. Bd5 Nxd5 28. cxd5 Bxd5 29. Nxd5 Rxd3 30. Nxf6+ Kg7 31. Nxd3 Nxe2+ 0-1

[Event "Saint Louis IM"]
[Site "Saint Louis"]
[Date "2014.05.28"]
[Round "1"]
[White "Sharma, Arun"]
[Black "Aripov, Iskandar"]
[Result "1-0"]
[WhiteElo "2383"]
[BlackElo "2231"]
[PlyCount "63"]
[EventDate "2014.05.28"]
[EventType "tourn"]
[EventRounds "9"]
[EventCountry "USA"]
[EventCategory "3"]
[SourceTitle "CBM 160 Extra"]
[Source "ChessBase"]
[SourceDate "2014.07.01"]
[SourceVersion "1"]
[SourceVersionDate "2014.07.01"]
[SourceQuality "1"]

1. d4 d5 2. c4 c6 3. Nf3 Nf6 4. Nc3 e6 5. Bg5 dxc4 6. e4 b5 7. e5 h6 8. Bh4 g5 9. Nxg5 hxg5 10. Bxg5 Nbd7 11. exf6 Qa5 12. a4 b4 13. Ne4 Ba6 14. Be2 0-0-0 15. 0-0 Nc5 16. Nxc5 Bxc5 17. Be3 Bxd4 18. Bxd4 c5 19. Qc2 Rxd4 20. Rfd1 Qd8 21. Rxd4 Qxd4 22. Rd1 Qf4 23. g3 Qxf6 24. Bxc4 Bb7 25. Ba6 Rh5 26. Qe2 Rd5 27. Bxb7+ Kxb7 28. Qb5+ Kc7 29. Rxd5 exd5 30. Qxc5+ Qc6 31. Qxc6+ Kxc6 32. h4 1-0

[Event "Chicago op 22nd"]
[Site "Wheeling"]
[Date "2013.05.27"]
[Round "9"]
[White "Francisco, Richard"]
[Black "Aripov, Iskandar"]
[Result "1/2-1/2"]
[WhiteElo "2277"]
[BlackElo "2196"]
[PlyCount "44"]
[EventDate "2013.05.23"]
[EventType "swiss"]
[EventRounds "9"]
[EventCountry "USA"]
[SourceTitle "CBM 154 Extra"]
[Source "ChessBase"]
[SourceDate "2013.06.25"]
[SourceVersion "2"]
[SourceVersionDate "2013.06.25"]
[SourceQuality "1"]

1. d4 Nf6 2. c4 c5 3. d5 b5 4. a4 bxc4 5. Nc3 d6 6. e4 Ba6 7. f4 e6 8. dxe6 fxe6 9. e5 dxe5 10. Qxd8+ Kxd8 11. fxe5 Nd5 12. Nb5 Nc6 13. Nf3 Ncb4 14. Bg5+ Kd7 15. 0-0-0 Bxb5 16. axb5 h6 17. Bh4 g5 18. Bg3 Nd3+ 19. Bxd3 cxd3 20. Rxd3 Be7 21. Re1 Rhc8 22. Nd2 c4 1/2-1/2

[Event "Saint Louis op 3rd"]
[Site "Saint Louis"]
[Date "2012.11.25"]
[Round "5"]
[White "Aripov, Iskandar"]
[Black "Neimer, Vitaly"]
[Result "1/2-1/2"]
[WhiteElo "2162"]
[BlackElo "2411"]
[PlyCount "43"]
[EventDate "2012.11.23"]
[EventType "swiss"]
[EventRounds "6"]
[EventCountry "USA"]
[SourceTitle "CBM 151 Extra"]
[Source "ChessBase"]
[SourceDate "2012.12.18"]
[SourceVersion "1"]
[SourceVersionDate "2012.12.18"]
[SourceQuality "1"]

1. d4 Nf6 2. c4 e6 3. Nc3 Bb4 4. Qc2 0-0 5. a3 Bxc3+ 6. Qxc3 b5 7. cxb5 c6 8. Bg5 cxb5 9. Nf3 Bb7 10. e3 h6 11. Bxf6 Qxf6 12. Be2 Rc8 13. Qb4 a6 14. 0-0 Nc6 15. Qd2 d6 16. Rac1 Rc7 17. Rc3 Rac8 18. Rfc1 Qd8 19. Ne1 Ne7 20. Rxc7 Rxc7 21. Qa5 Nd5 22. Rxc7 1/2-1/2

[Event "Saint Louis SPICE Cup op 6th"]
[Site "Saint Louis"]
[Date "2012.10.17"]
[Round "4"]
[White "Amanov, Zhanibek"]
[Black "Aripov, Iskandar"]
[Result "1-0"]
[WhiteElo "2374"]
[BlackElo "2155"]
[PlyCount "72"]
[EventDate "2012.10.16"]
[EventType "swiss"]
[EventRounds "9"]
[EventCountry "USA"]
[SourceTitle "EXT 2013"]
[Source "ChessBase"]
[SourceDate "2012.11.22"]
[SourceVersion "1"]
[SourceVersionDate "2012.11.22"]
[SourceQuality "1"]

1. c4 b6 2. Nc3 Bb7 3. e4 e6 4. Nf3 Bb4 5. Qc2 Ne7 6. Bd3 Na6 7. Na4 Ng6 8. a3 Be7 9. Nc3 Nc5 10. Bf1 e5 11. d4 exd4 12. Nxd4 0-0 13. f3 Bg5 14. Bxg5 Qxg5 15. Qd2 Qf6 16. 0-0-0 a5 17. Kb1 c6 18. Nc2 Nf4 19. g3 Nfe6 20. f4 b5 21. e5 Qf5 22. Bd3 Qxd3 23. Qxd3 Nxd3 24. Rxd3 Nc5 25. Rd4 Nb3 26. Rxd7 Bc8 27. Rd6 b4 28. Na4 Bf5 29. g4 Bxg4 30. Ne3 Bf3 31. Rf1 Be4+ 32. Ka2 bxa3 33. Kxb3 axb2 34. Kxb2 Rfb8+ 35. Kc3 Rb4 36. Rfd1 Bf3 1-0

[Event "Agzamov Memorial 06th"]
[Site "Tashkent"]
[Date "2012.03.14"]
[Round "9"]
[White "Aripov, Iskandar"]
[Black "Atabayev, Yusup"]
[Result "0-1"]
[WhiteElo "2182"]
[BlackElo "2404"]
[PlyCount "114"]
[EventDate "2012.03.06"]
[EventType "swiss"]
[EventRounds "9"]
[EventCountry "UZB"]
[SourceTitle "CBM 147 Extra"]
[Source "ChessBase"]
[SourceDate "2012.04.24"]
[SourceVersion "1"]
[SourceVersionDate "2012.04.24"]
[SourceQuality "1"]

1. d4 Nf6 2. c4 g6 3. Nc3 Bg7 4. e4 d6 5. Nge2 0-0 6. f3 c5 7. Be3 Nc6 8. d5 Ne5 9. Ng3 h5 10. Be2 e6 11. 0-0 exd5 12. cxd5 a6 13. a4 Nh7 14. Qd2 h4 15. Nh1 f5 16. Nf2 Rb8 17. a5 b5 18. axb6 Rxb6 19. f4 Nd7 20. Bd3 Rb4 21. exf5 gxf5 22. Qc2 Nb6 23. Bc1 c4 24. Be2 Bd4 25. Bf3 Nf6 26. Rd1 Bc5 27. Kh1 Re8 28. Nh3 Nh7 29. Bd2 Be3 30. Bxe3 Rxe3 31. Qd2 Rd3 32. Qe2 Rxd1+ 33. Rxd1 Bd7 34. Ra1 a5 35. Qf2 Nc8 36. Rg1 Kf8 37. g4 Qf6 38. g5 Qg7 39. Rg2 Ne7 40. g6 Nf6 41. Qxh4 a4 42. Qg3 a3 43. bxa3 Rb3 44. Qe1 Ng4 45. Rc2 Nxg6 46. Qd2 Nh4 47. Ng5 Nxf3 48. Nxf3 Rxa3 49. Rc1 Qh8 50. Kg2 Rb3 51. h3 Nh6 52. Nd4 Rb7 53. Nce2 Qg8+ 54. Kh2 Qxd5 55. Qc3 Rc7 56. Qg3 Be8 57. Rg1 Ng4+ 0-1

[Event "Central Asia Cup 1st"]
[Site "Tashkent"]
[Date "2011.10.26"]
[Round "9"]
[White "Nakhbayeva, Guliskhan"]
[Black "Aripov, Iskandar"]
[Result "1-0"]
[WhiteElo "2227"]
[BlackElo "2193"]
[PlyCount "65"]
[EventDate "2011.10.18"]
[EventType "swiss"]
[EventRounds "9"]
[EventCountry "UZB"]
[SourceTitle "CBM 144 Extra"]
[Source "ChessBase"]
[SourceDate "2011.10.28"]
[SourceVersion "1"]
[SourceVersionDate "2011.10.28"]
[SourceQuality "1"]

1. d4 Nf6 2. c4 c5 3. d5 b5 4. cxb5 a6 5. bxa6 g6 6. Nc3 Bxa6 7. Nf3 d6 8. g3 Nbd7 9. Rb1 Bg7 10. Bg2 Nb6 11. b3 Bc8 12. Nh4 h6 13. Qc2 Qd7 14. Bb2 g5 15. Nf3 Qf5 16. e4 Qg6 17. 0-0 0-0 18. Rbd1 Nxe4 19. Nh4 gxh4 20. Bxe4 f5 21. Bg2 Nd7 22. a4 Ne5 23. Kh1 h3 24. Bxh3 Qh5 25. f4 Qxh3 26. fxe5 dxe5 27. Ne2 f4 28. gxf4 Bf5 29. Qc4 Rab8 30. Ng3 Rxb3 31. Qxb3 Be4+ 32. Rf3 exf4 33. Nxe4 1-0

[Event "Central Asia Cup 1st"]
[Site "Tashkent"]
[Date "2011.10.19"]
[Round "2"]
[White "Aripov, Iskandar"]
[Black "Muminova, Nafisa"]
[Result "1-0"]
[WhiteElo "2193"]
[BlackElo "2319"]
[PlyCount "79"]
[EventDate "2011.10.18"]
[EventType "swiss"]
[EventRounds "9"]
[EventCountry "UZB"]
[SourceTitle "CBM 144 Extra"]
[Source "ChessBase"]
[SourceDate "2011.10.28"]
[SourceVersion "1"]
[SourceVersionDate "2011.10.28"]
[SourceQuality "1"]

1. d4 e6 2. c4 Nf6 3. Nc3 d5 4. cxd5 Nxd5 5. Nf3 c5 6. e3 Nc6 7. Be2 Be7 8. 0-0 cxd4 9. Nxd5 exd5 10. Nxd4 0-0 11. Nxc6 bxc6 12. Qc2 Qd6 13. b3 Bb7 14. Bb2 c5 15. Rfd1 Rfd8 16. Bf3 Rac8 17. Rd2 Bf6 18. Rad1 Bxb2 19. Qxb2 Qe6 20. h3 Rc7 21. Qc3 h6 22. Qa5 Qe5 23. Bxd5 Rxd5 24. Rxd5 Bxd5 25. Rxd5 Qxd5 26. Qxc7 Qd1+ 27. Kh2 Qc2 28. Qxa7 h5 29. Qb8+ Kh7 30. a4 Qb2 31. a5 c4 32. a6 c3 33. a7 c2 34. a8Q c1Q 35. Qh8+ Kg6 36. Qe4+ f5 37. Qee8+ Kf6 38. Qhf8+ Kg5 39. f4+ Kh4 40. Qfe7+ 1-0